000 00560cas a22001815a 4500
001 L121316
008 030211d20012004xxkqr p a eng u
035 _a(Sirsi) u121316
041 0 _aeng
110 2 _aRoyal Institution of Chartered Surveyors
_bNorth East Branch
_95184
245 _aNorth East News
260 _aS.l.
_bRICS
_c2001-2004
362 0 _aAutumn 2001-Winter 2003/4 + Special Edition on RICS North East Renaissance Awards 2006
554 _aFour per year
651 4 _aNORTH EAST (ENGLAND)
690 _aPROFESSIONAL PRACTICE
942 _n0
999 _c118767
_d118767